| 000 | 01469cac a2200337 a 4500 | ||
|---|---|---|---|
| 003 | Co-PeBPM | ||
| 005 | 20260407121738.0 | ||
| 007 | ta | ||
| 008 | 160713s2012 ck ab g 000 0 spa | ||
| 020 | _a9789585760813 | ||
| 040 | 0 |
_aCo-PeBPM _bspa _cCo-PeBPM _erda |
|
| 041 | 0 | _aspa | |
| 082 | 0 | 4 |
_a303.609861 S165j _222 |
| 110 | 1 |
_aComisión Nacional de Reparación y Conciliación (Colombia). Centro de Memoria Histórica _987505 |
|
| 245 | 1 | 0 |
_aJusticia y paz _b: tierras y territorios en las versiones de los paramilitares _c/ Yamile Salinas Abdala, Juan Manuel Zarama Santacruz ; Centro Nacional de Memoria Histórica |
| 250 | _aEdición especial | ||
| 264 |
_aBogotá, Colombia _b: Editorial Taurus _c, 2012 |
||
| 300 |
_a232 páginas _b: ilustraciones, gráficas, mapas a color _c; 23 centímetros |
||
| 490 | _aPlan Nacional de Lectura y Escritura Leer es mi Cuento. 2013 | ||
| 500 | _aIncluye referencias | ||
| 650 | 1 | 7 |
_aJusticia social _2LEMB _zColombia _955176 |
| 650 | 1 | 7 |
_aConflicto armado _2LEMB _zColombia _94301 |
| 650 | 1 | 7 |
_aAutodefensas unidas de colombia _2LEMB _987506 |
| 650 | 1 | 7 |
_aProceso de paz _2LEMB _xAspectos políticos _zColombia _987507 |
| 650 | 1 | 7 |
_aJusticia transicional _2LEMB _zColombia _985024 |
| 650 | 1 | 7 |
_aReinserción _2LEMB _zColombia _987508 |
| 700 | 1 |
_aSalinas Abdala, Yamile _erelator _987509 |
|
| 700 | 1 |
_aBello, Martha Nubia _einvestigadora _987510 |
|
| 700 | 1 |
_aSánchez Gómez, Gonzálo _d1945- _edirector _987511 |
|
| 942 |
_2ddc _cBK |
||
| 999 |
_c2995 _d2995 |
||